000 00271nam a22001217a 4500
008 180124b xxu||||| |||| 00| 0 eng d
041 _aeng
080 _a33
100 _a52
101 _aEKO
245 _aThe logic of economic discovery
_cFisher,R.M
942 _2udc
_cBK
999 _c40862
_d40862